[Event "BLR-ch 1st Stage Men 2020"]
[Site "Minsk"]
[Date "2020.02.01"]
[Round "1.1"]
[White "Naumovich, Yaroslav"]
[Black "Maiorov, Nikita"]
[Result "1/2-1/2"]
[WhiteElo "1996"]
[BlackElo "2519"]
[Annotator "TA"]
[PlyCount "135"]
[EventDate "2020.02.01"]
[EventType "swiss"]
[EventCountry "BLR"]
[SourceTitle "playchess.com"]
[Source "ChessBase"]
[SourceQuality "1"]

{[%evp 13,135,12,25,9,37,16,20,8,36,17,2,20,51,35,38,23,34,33,54,58,81,79,81,38,58,36,67,60,55,52,52,56,63,31,47,23,31,15,44,26,39,0,11,12,8,19,25,0,0,0,0,0,21,0,0,0,0,7,14,0,0,0,0,0,12,0,27,22,31,0,6,0,19,13,37,9,21,0,0,0,0,0,0,0,0,9,10,6,39,0,8,8,8,8,8,8,15,8,22,0,7,0,0,0,0,0,0,0,7,0,15,8,15,8,8,8,8,8,8,0,8,0,8,0]} 1. e4 e5 2. Nf3 Nc6 3. Bc4 Bc5 4. c3 Nf6 5. d3 d6 6. O-O O-O 7. a4 {7.Re1 is becoming the main line.} a6 8. h3 {C54: Giuoco Piano: 4 c3 Nf6, main lines with 5 d4 and 5 d3.} Ne7 9. Re1 Ng6 10. Nbd2 {[#]} Be6 $146 ({Predecessor:} 10... Ba7 11. d4 c6 12. b4 exd4 13. cxd4 d5 14. exd5 Nxd5 15. b5 axb5 16. axb5 Be6 17. bxc6 bxc6 {1-0 (34) Karjakin,S (2785)-Matlakov,M (2694) Doha 2016}) 11. d4 exd4 12. cxd4 Ba7 13. Bxe6 fxe6 14. Nf1 Nh5 15. Be3 Nhf4 16. g3 Nd3 17. Qxd3 {Black must now prevent Ng5.} Rxf3 18. Kg2 Rf7 19. Qb3 Qe8 20. d5 ({Much weaker is} 20. Qxb7 c5 $11) 20... Bxe3 21. Nxe3 exd5 22. Nxd5 Rc8 23. Rac1 c6 24. Nb6 {[%cal Bd5b6,Bb6c4,Bc4e3,Be3c2,Bc2b4][%mdl 32]} Rd8 25. a5 Kh8 26. Nc4 Re7 27. Ne3 (27. Red1 $5 {[%cal Rc4d6]}) 27... Rdd7 28. f3 d5 29. exd5 cxd5 30. Kf2 Qf8 31. Nc2 d4 32. Rxe7 Qxe7 33. Nb4 Rd8 34. Re1 Qc5 35. Nd3 Qxa5 36. Qf7 {White wants to mate with Re8+.} Qb5 ({Avoid the trap} 36... Qd2+ $2 37. Re2 $18) 37. Qe6 $1 Rf8 ({Don't go for} 37... Qxd3 $2 {[#]} 38. Qe8+ $1 {[%mdl 512]} Nf8 39. Qxd8 $18) 38. Qe4 Qd7 39. Kg2 b6 40. h4 {Hoping for h5.} Rd8 41. Qe6 {[%mdl 1024] Threatens to win with Qxd7. White has compensation.} Qb5 42. h5 Nf8 (42... Rf8 $5 {[%cal Rb5d3]} 43. hxg6 Qxd3 $11 {[%mdl 64] Double Attack}) 43. Qe7 Qd7 $1 44. Qh4 {Strongly threatening Ne5.} Qd6 45. Re4 Kg8 46. h6 gxh6 47. Rg4+ Ng6 48. Qxh6 Kh8 49. Re4 Qc6 50. Qg5 Rf8 51. Ne5 Nxe5 {The position is equal.} 52. Qxe5+ {[%mdl 64] [#] Double Attack} Qf6 $1 53. Qxd4 Qxd4 54. Rxd4 $11 {[%mdl 4096] Endgame KR-KR} Rc8 55. b4 Rc6 56. Rd7 Rc4 57. Ra7 Rxb4 58. Rxa6 Kg7 59. Ra7+ Kg6 60. Kh3 h6 61. g4 Kf6 62. Kh4 Kg6 63. Rc7 Rf4 64. Kg3 Rf7 65. Rc6+ Rf6 66. Rc7 Rf7 67. Rc6+ Rf6 68. Rc7 {Accuracy: White = 87%, Black = 88%.} 1/2-1/2

[Event "BLR-ch 1st Stage Men 2020"]
[Site "Minsk"]
[Date "2020.02.01"]
[Round "1.2"]
[White "Teterev, Vitaly"]
[Black "Kramich, Aliaksei"]
[Result "1-0"]
[WhiteElo "2476"]
[BlackElo "1994"]
[Annotator "TA"]
[PlyCount "95"]
[EventDate "2020.02.01"]
[EventType "swiss"]
[EventCountry "BLR"]
[SourceTitle "playchess.com"]
[Source "ChessBase"]
[SourceQuality "1"]

{[%evp 15,95,33,37,37,54,42,38,18,72,71,76,52,93,54,139,125,161,153,175,175,172,174,176,185,213,175,180,177,166,166,185,166,193,109,116,93,91,75,94,49,56,48,44,66,62,24,125,122,229,219,276,276,265,227,349,340,333,342,343,327,336,168,197,204,194,191,327,323,302,278,264,280,385,382,665,646,648,657,617,597,583,572]} 1. Nf3 f5 2. g3 Nf6 3. Bg2 g6 4. d4 Bg7 5. O-O O-O 6. b3 Ne4 7. Bb2 d5 8. c4 c6 9. Qc2 {A81: Dutch Defence: 2 g3} a5 {[#]} 10. cxd5 $146 ({Predecessor:} 10. Ne5 Nd7 11. Nd3 a4 12. Na3 axb3 13. axb3 e6 14. e3 Qe7 15. f3 Nd6 16. c5 {1-0 (35) Aczel,G (2424)-Grunberg,M (2420) Hungary 2011}) 10... cxd5 11. Ne5 {White is slightly better.} Qb6 (11... Nc6 $11 {remains equal.}) 12. Nc3 $16 Nxc3 13. Qxc3 Be6 14. Qe3 f4 (14... Bxe5 $14 15. Qxe5 Nd7) 15. gxf4 Bh6 16. Nd3 $36 {[%mdl 2048] Black is under strong pressure.} Nd7 17. Nc5 Nxc5 18. dxc5 Qc6 19. Qd4 Rf6 20. e3 Bg7 21. Qd2 Rf5 22. Bxg7 Kxg7 23. Rac1 Raf8 24. f3 (24. Rfe1 $18) 24... Kg8 25. Qxa5 d4 26. e4 Rxf4 27. Qd2 Qc7 28. Rf2 $1 Qe5 29. c6 bxc6 30. Rxc6 Bg4 (30... g5 $11) 31. Rc4 Be6 (31... Bxf3 $16 32. Qxd4 Qxd4 33. Rxd4 Rg4) 32. Qxd4 $18 Qg5 33. Rc5 Qh4 34. Qe5 Bg4 (34... Kf7 {keeps fighting.} 35. b4 (35. Rc6 Rf6 $18) 35... Rd8) 35. Rc7 R4f7 {[%cal Rg4f3]} 36. Qg3 Qxg3 37. hxg3 Bxf3 38. Rb7 (38. Bh3 $142) 38... Bxg2 39. Rxf7 ({But not} 39. Rxg2 $6 Ra8 $16) 39... Kxf7 40. Kxg2 {[%mdl 4096] Endgame KR-KR} Ke6 (40... Rc8 {might work better.}) 41. a4 Ra8 42. Kf3 Ra5 43. Kf4 Kd6 44. g4 Ke6 $2 {[#]} (44... h5 45. Rb6+ Kc7 46. Rxg6 hxg4 47. Kxg4 Rc5) 45. g5 {White is clearly winning.} Kd6 46. Rb6+ Kc7 47. Rb5 Ra6 48. a5 {Accuracy: White = 77%, Black = 44%.} 1-0

[Event "BLR-ch 1st Stage Men 2020"]
[Site "Minsk"]
[Date "2020.02.01"]
[Round "1.3"]
[White "Zubchenok, Alexander"]
[Black "Zarubitski, Viachaslau"]
[Result "0-1"]
[WhiteElo "1971"]
[BlackElo "2451"]
[Annotator "TA"]
[PlyCount "122"]
[EventDate "2020.02.01"]
[EventType "swiss"]
[EventCountry "BLR"]
[SourceTitle "playchess.com"]
[Source "ChessBase"]
[SourceQuality "1"]

{[%evp 9,140,7,35,-24,67,39,52,55,60,30,46,34,42,33,68,0,25,26,29,10,28,18,20,14,16,13,13,13,14,9,22,13,5,15,14,0,0,0,0,0,0,0,0,0,0,0,0,0,0,0,0,0,0,0,0,0,0,0,0,0,0,0,0,0,0,0,0,0,0,0,0,0,0,0,0,0,0,0,0,0,0,0,0,0,0,0,0,0,0,-311,-328,-263,-302,-295,-272,-314,-317,-2381,-2370,-2078,-1313,-12835,-5652,-12838,-12839,-12839,-12839,-12840,-12840,-12841,-12841,-12843,-12843,-12844,-12844,-12845,-12845,-12845,-12846,-12846,-12847,-12847,-12846,-12846,-12847,-12849,-12847,-12849,-12848,-12850,-12850,-12850,-12850]} 1. e4 Nf6 2. e5 Nd5 3. c4 Nb6 4. b3 d6 5. exd6 exd6 6. Bb2 {B02: Alekhine's Defence: Chase Variation and lines with early Nc3.} (6. d4 $14) 6... N8d7 (6... d5 $11) 7. Nf3 Nf6 {[#]} 8. d4 $146 {White is slightly better.} ({Predecessor:} 8. Be2 g6 9. O-O Bg7 10. d3 O-O 11. Nbd2 Re8 12. Re1 Bd7 13. Qc2 c6 14. a4 {1-0 (76) Hunold,R (2104)-Bachmann,R (1957) Bad Sooden 2016}) 8... Bf5 9. Be2 Be7 10. O-O O-O 11. d5 Re8 12. Nbd2 ({White should try} 12. Nd4 $14 Bg6 13. f4) 12... Ne4 13. Nxe4 Bxe4 14. Nd4 Bf6 15. Bd3 Nd7 16. Re1 Bxd3 17. Qxd3 Nc5 18. Qc2 Qd7 19. h3 h6 20. Rad1 Rxe1+ 21. Rxe1 Re8 22. Nf3 Rxe1+ 23. Nxe1 Qe7 24. Nf3 Bxb2 25. Qxb2 Qe4 26. Qd2 a6 27. Qe1 Kf8 28. Qxe4 Nxe4 $11 {[%mdl 4096] Endgame KN-KN} 29. Nd4 Ke7 30. f3 Nc3 31. a4 Kf6 32. Kf2 Ke5 33. Nc2 b5 34. axb5 axb5 35. Ke3 bxc4 36. bxc4 Nd1+ 37. Kd3 h5 38. Nd4 Nb2+ 39. Kc3 {And now Nc6+ would win.} Na4+ 40. Kd3 Nb2+ 41. Kc3 {Threatens to win with Nc6+.} Na4+ 42. Kd3 h4 43. Ke3 g5 44. Nc6+ Kf6 45. f4 Nb2 46. fxg5+ Kxg5 47. Na5 Kf5 48. Kf3 Nd3 49. g3 $2 {[%mdl 8192]} (49. Nc6 $11 {and White has nothing to worry.}) 49... Ne5+ $19 50. Kf2 hxg3+ $1 51. Kxg3 Ke4 $1 52. h4 f5 {Strongly threatening ...Ke3.} 53. h5 $2 (53. Kf2 f4 54. Nc6 Nxc4 55. h5) 53... f4+ {Black is clearly winning.} 54. Kf2 f3 55. Nb3 {[#]} Ng4+ $1 56. Kg3 Ke3 57. Nd2 {[#]} f2 $1 58. Nf1+ Ke2 59. Kg2 Ke1 60. Ng3 Ne3+ {[%mdl 64] Double Attack} 61. Kf3 {[#]} Nf1 {Played: Ne3-f5} 0-1

[Event "BLR-ch 1st Stage Men 2020"]
[Site "Minsk"]
[Date "2020.02.01"]
[Round "1.5"]
[White "Bialiauski, Artsiom"]
[Black "Lazavik, Denis"]
[Result "0-1"]
[WhiteElo "1944"]
[BlackElo "2411"]
[Annotator "TA"]
[PlyCount "74"]
[EventDate "2020.02.01"]
[EventType "swiss"]
[EventCountry "BLR"]
[SourceTitle "playchess.com"]
[Source "ChessBase"]
[SourceQuality "1"]

{[%evp 20,74,-6,-19,-2,-31,-21,-19,-27,-24,-30,-25,-36,-44,-44,-62,-59,-52,-59,-54,-54,-56,-49,-94,-66,-73,-60,-74,-60,-60,-53,-77,-43,-67,-66,-65,-63,-77,-50,-58,-52,-42,-48,-127,-90,-200,-216,-225,-209,-585,-581,-555,-454,-450,-439,-413,-370]} 1. d4 d5 2. Nf3 Nf6 3. Bf4 e6 4. e3 Bd6 5. Bg3 O-O 6. Bd3 c5 7. c3 Nc6 8. Nbd2 b6 9. Ne5 Bb7 10. O-O Qc7 11. f4 Ne7 {D02: 1 d4 d5 2 Nf3 sidelines, including 2...Nf6 3 g3 and 2...Nf6 3 Bf4} 12. Qf3 Nf5 13. Bf2 Be7 {The position is equal.} 14. Qh3 Ne4 15. Nxe4 dxe4 {[#]} 16. Bc4 $146 ({Predecessor:} 16. Be2 f6 17. Bc4 Bd5 18. Bxd5 exd5 19. Qxf5 fxe5 20. Qe6+ Kh8 21. dxe5 Rad8 22. Rad1 {½-½ (45) Runets,I (2047)-Ognean,M (2291) Porto Carras 2018}) 16... Nd6 17. Bb3 c4 18. Bc2 Bd5 19. g4 f6 20. Nf3 $1 b5 {[%cal Bb6b5,Bb5b4][%mdl 32]} 21. Nd2 f5 22. g5 {[#]} b4 $1 {[%mdl 512]} 23. Nb1 (23. cxb4 c3) 23... Rab8 24. Be1 a5 25. Qg2 Rb7 26. Rf2 Nc8 $36 {[%mdl 2048] Black has good play.} 27. Bd1 Nb6 28. Rc2 Qd7 29. Rc1 Rc8 30. h4 Bc6 31. Nd2 (31. Qf2 $15) 31... Bb5 32. cxb4 (32. Nb1 $17 {might work better.}) 32... axb4 $19 {[%cal Ba5b4,Bb4c3][%mdl 32]} 33. Be2 Nd5 34. Bf2 $2 {[#]} (34. Bxc4 {is more resistant.} Bxc4 35. Nxc4) 34... c3 35. Bxb5 Rxb5 36. bxc3 bxc3 37. Nb3 Ba3 {Accuracy: White = 72%, Black = 88%.} 0-1

[Event "BLR-ch 1st Stage Men 2020"]
[Site "Minsk"]
[Date "2020.02.01"]
[Round "1.6"]
[White "Podolchenko, Evgeniy"]
[Black "Sarychev, Sergey"]
[Result "1/2-1/2"]
[WhiteElo "2394"]
[BlackElo "1914"]
[Annotator "TA"]
[PlyCount "155"]
[EventDate "2020.02.01"]
[EventType "swiss"]
[EventCountry "BLR"]
[SourceTitle "playchess.com"]
[Source "ChessBase"]
[SourceQuality "1"]

{[%evp 9,155,10,17,0,17,13,2,0,0,-6,0,0,43,50,42,43,43,39,41,47,58,59,62,63,60,57,56,50,75,71,73,50,76,72,81,75,114,114,115,107,107,93,95,79,79,85,261,270,364,366,357,357,360,358,370,370,370,370,368,353,373,372,378,371,379,376,371,331,328,310,485,484,471,464,645,635,885,874,12834,12835,12835,1908,576,1072,12839,12839,12839,12839,12845,12839,12834,100,100,81,100,100,100,63,100,85,100,92,100,100,100,100,100,100,100,100,100,100,100,100,100,100,100,100,100,100,100,100,100,100,100,100,100,100,100,100,104,0,0,0,121,0,0,0,0,0,0,0,0,0,0,0,0,0]} 1. Nf3 d5 2. e3 c5 3. b3 Nf6 4. Bb2 a6 5. c4 e6 6. Be2 {A06: Réti Opening: 1 Nf3 d5} Nc6 7. cxd5 exd5 8. d4 cxd4 9. Nxd4 Bb4+ 10. Bc3 Qa5 11. Qd2 {Strongly threatening Nxc6.} Nxd4 12. Qxd4 Bxc3+ 13. Nxc3 {[%cal Bb1c3,Bc3a4,Ba4c5][%mdl 32]} O-O 14. O-O Be6 15. b4 {[#]} Qd8 $146 ({Predecessor:} 15... Qc7 16. Rac1 Rac8 17. Bd3 Qd7 18. a4 Rc7 19. b5 axb5 20. Nxb5 Rxc1 21. Rxc1 Rc8 {1-0 (51) Andreikin,D (2724)-Abdusattorov,N (2635) Moscow 2019}) 16. Na4 Rc8 17. Nc5 Qe7 18. a4 Rfd8 19. a5 Bf5 20. f3 Re8 21. Ra3 Rc7 22. Rc3 Qe5 23. Qxe5 Rxe5 24. Kf2 Re8 25. Rd1 Rec8 26. Ra3 Be6 27. Rd2 Kf8 $2 {[#]} (27... Nd7 $16 {is a better defense.}) 28. Nxb7 $1 $18 {[%mdl 576] Remove Defender} Rxb7 29. Bxa6 Rxb4 30. Bxc8 Bxc8 31. a6 Rb8 32. a7 Ra8 33. Rb2 {aiming for Rb8.} Nd7 34. Rc2 Ke7 {[#] and the idea ...Kd8 leaves Black hopeful.} 35. Rxc8 $1 {[%mdl 576] Promotion} Rxc8 36. a8=Q Rxa8 37. Rxa8 {[%mdl 4096] Endgame KR-KN} h5 38. Ke2 Ne5 39. Kd2 Ng6 (39... Kd6 $142 40. Ra7 Ke6) 40. Kd3 Nh4 41. Ra2 Ke6 42. e4 dxe4+ 43. Kxe4 g6 44. Ra6+ Ke7 45. g3 Nf5 46. Ke5 (46. g4 $142 hxg4 47. fxg4 Nd6+ 48. Kd4) 46... Ng7 47. Ra7+ Kf8 48. f4 Ne8 49. f5 Kg7 50. f6+ $2 (50. h4 $18 gxf5 51. Kxf5) 50... Nxf6 $16 51. Kd6 Ng8 52. Rb7 Nf6 53. Rb1 Ng8 54. Rf1 Nf6 55. Rf4 Ng8 56. Ke5 Nh6 57. h3 Ng8 58. Ra4 Nh6 59. Ra7 Ng8 60. Kf4 Nf6 61. Ra3 Nd5+ 62. Ke5 Nf6 63. Ra6 Nd7+ 64. Kf4 Nf6 65. Rd6 Ne8 66. Rd5 Nf6 67. Rd8 Ng8 68. Ke5 Nf6 69. Rd6 Ng8 70. g4 ({Better is} 70. Rc6 $16) 70... hxg4 $11 71. hxg4 {g5 is the strong threat.} Nh6 {[#]} (71... g5 $11) 72. Rd4 (72. g5 $1 $16 {[%cal Rg5h6]} Ng4+ 73. Kf4) 72... g5 {The position is equal.} 73. Ra4 Kg6 74. Ra6+ Kg7 75. Rb6 f6+ {[%mdl 64] Decoy} 76. Rxf6 Nxg4+ 77. Kf5 {[%mdl 64] Double Attack} Nxf6 78. Kxg5 {Accuracy: White = 92%, Black = 68%.} 1/2-1/2

[Event "BLR-ch 1st Stage Men 2020"]
[Site "Minsk"]
[Date "2020.02.01"]
[Round "1.7"]
[White "Denisik, Sergei"]
[Black "Pogosian, Manvel"]
[Result "0-1"]
[WhiteElo "1908"]
[BlackElo "2383"]
[Annotator "TA"]
[PlyCount "64"]
[EventDate "2020.02.01"]
[EventType "swiss"]
[EventCountry "BLR"]
[SourceTitle "playchess.com"]
[Source "ChessBase"]
[SourceQuality "1"]

{[%evp 22,64,9,-9,-9,-47,-20,-23,14,-10,-13,-11,0,-15,5,0,8,12,15,0,-2,-21,-24,-22,-32,-510,-501,-512,-489,-1569,-1538,-5561,-5510,-3138,-2560,-29981,-29982,-29980,-29981,-29981,-29981,-29980,-29981,-29990,-29991]} 1. e4 c6 2. d4 d5 3. Nd2 dxe4 4. Nxe4 Bf5 5. Ng3 Bg6 6. h4 h6 7. h5 Bh7 8. Nf3 Nf6 9. Bd3 Bxd3 10. Qxd3 e6 11. Bd2 Nbd7 {[%cal Bb8d7,Bd7f6,Bf6g4,Bg4e3][%mdl 32]} 12. c4 Be7 {B19: Classical Caro-Kann: 4...Bf5 main line} 13. O-O-O Qc7 14. Ne4 O-O-O {Black has an edge.} 15. Kb1 c5 16. Nxf6 Nxf6 17. Be3 {[#]} Ng4 $146 ({Predecessor:} 17... cxd4 18. Bxd4 Bc5 19. Qe3 Bxd4 20. Rxd4 Rxd4 21. Qxd4 a6 22. Ne5 Rd8 23. Qe3 Qe7 {1-0 (48) Hungaski,R (2505)-Gomez Baillo,J (2376) Mar del Plata 2019}) 18. Qe4 Nxe3 19. fxe3 Bf6 20. d5 Rhe8 {With the idea ...exd5.} 21. Qg4 Kb8 22. e4 exd5 $40 {[%mdl 128] White needs to defend precisely.} 23. exd5 $2 {[%mdl 8192]} (23. cxd5 $15 c4 24. Rhe1) 23... Re2 $19 24. Nd4 Rf2 25. d6 {[#]} (25. Ne2 $142 Qe5 26. Nd4 cxd4 27. Rhe1) 25... Qb6 $1 {[%csl Gf2][%cal Rb6b2][%mdl 512]} 26. Nb3 Rxb2+ 27. Kc1 Rxa2 28. Qg3 Qb4 {Black mates.} 29. d7+ Ka8 30. Rd2 Qa3+ 31. Kd1 Rxd2+ 32. Nxd2 Qxg3 {Accuracy: White = 57%, Black = 93%.} 0-1

[Event "BLR-ch 1st Stage Men 2020"]
[Site "Minsk"]
[Date "2020.02.01"]
[Round "2.1"]
[White "Cherepov, Alexej"]
[Black "Teterev, Vitaly"]
[Result "0-1"]
[WhiteElo "2184"]
[BlackElo "2476"]
[Annotator "TA"]
[PlyCount "86"]
[EventDate "2020.02.01"]
[EventType "swiss"]
[EventCountry "BLR"]
[SourceTitle "playchess.com"]
[Source "ChessBase"]
[SourceQuality "1"]

{[%evp 16,86,31,19,43,4,53,45,35,31,42,34,52,41,50,41,66,27,27,23,22,15,33,12,4,14,12,20,36,24,27,-9,0,-16,-12,-24,-20,-28,-26,-36,-26,-66,-67,-413,-406,-387,-398,-375,-237,-245,-149,-149,-176,-184,-164,-155,-176,-152,-162,-138,-149,-409,-415,-480,-466,-477,-466,-451,-460,-669,-618,-512,-485]} 1. d4 Nf6 2. c4 g6 3. Nc3 Bg7 4. e4 d6 5. Be2 O-O 6. Bg5 c5 7. d5 e6 8. Nf3 exd5 9. exd5 Qb6 {E75: King's Indian: Averbakh Variation: 6...c5 7 d5 e6} 10. O-O Bf5 11. Na4 Qa5 {White is slightly better.} 12. Nh4 Bd7 {...Ne4 is the strong threat.} 13. Nc3 h6 14. Be3 Na6 15. h3 Nc7 16. a4 Na6 17. Qd2 Kh7 18. Bd3 Nb4 19. Nb5 Ne8 20. Bb1 Qd8 21. Nf3 b6 22. Nc3 f5 23. Ne1 Qf6 $36 {[%mdl 2048] White must now prevent ...f4. Black has the initiative.} 24. f4 Nc7 25. Nd3 Rfe8 26. Re1 a5 27. Nf2 Re7 28. Ncd1 Rae8 29. Rf1 $2 {[%mdl 8192] [#]} (29. Kh2 $15) 29... Rxe3 $1 $19 {[%mdl 512]} 30. Nxe3 Qxb2 31. Nc2 Bc3 32. Qd1 Nxc2 33. Bxc2 Qxa1 34. Qxa1 Bxa1 35. Rxa1 Na6 36. Kf1 Nb4 37. Bb3 g5 38. Re1 $2 {[%mdl 8192]} (38. fxg5 $17 hxg5 39. Re1) 38... gxf4 39. Rxe8 Bxe8 {Black is clearly winning.} 40. Ke2 {[#] and the idea Kf3 leaves White hopeful.} Bh5+ $1 41. Kd2 Kg7 42. h4 (42. Kc3 $142 Kf6 43. Bd1) 42... Kf6 43. Kc3 Ke5 {Accuracy: White = 60%, Black = 81%.} 0-1

[Event "BLR-ch 1st Stage Men 2020"]
[Site "Minsk"]
[Date "2020.02.01"]
[Round "2.2"]
[White "Zarubitski, Viachaslau"]
[Black "Papunidi, Matvey"]
[Result "1-0"]
[WhiteElo "2451"]
[BlackElo "2175"]
[Annotator "TA"]
[PlyCount "57"]
[EventDate "2020.02.01"]
[EventType "swiss"]
[EventCountry "BLR"]
[SourceTitle "playchess.com"]
[Source "ChessBase"]
[SourceQuality "1"]

{[%evp 15,65,31,68,39,79,14,73,72,72,64,68,63,67,64,87,90,95,79,101,103,101,74,80,70,75,25,42,39,52,10,31,29,80,77,78,70,72,38,42,43,32,47,43,39,64,49,111,108,179,194,729,725]} 1. e4 c5 2. Nc3 Nc6 3. Bb5 g6 4. Bxc6 dxc6 5. d3 Bg7 6. f4 Nf6 7. Nf3 Bg4 8. O-O O-O 9. Be3 {B21: Sicilian: 2 f4 and Morra Gambit.} b6 {[#]} 10. a4 $146 ({Better is} 10. h3 $16) ({Predecessor:} 10. h3 Bxf3 11. Qxf3 Qd7 12. Rae1 Ne8 13. g4 Nc7 14. f5 Bd4 15. Nd1 Rad8 16. Kh1 Bxe3 17. Nxe3 {0-1 (40) Sarenac,D (2306)-Maksimovic,M (2209) Belgrade 2015}) 10... Qc7 (10... e5 $11 {keeps the balance.}) 11. h3 $16 {White is better.} Bxf3 12. Qxf3 Nd7 13. g4 Bd4 14. Rae1 e5 15. f5 f6 16. h4 Kh8 17. fxg6 hxg6 18. Ne2 (18. h5 {looks sharper.} g5 19. Kh2 c4 20. dxc4 Nc5 21. Rd1) 18... Rf7 19. Ng3 Rh7 20. Kg2 {With the idea Bc1.} Bxe3 ({Wrong is} 20... Rxh4 $2 21. Rh1 $18) 21. Qxe3 Qd6 ({Don't blunder} 21... Rxh4 $2 22. Rh1 $18) 22. g5 fxg5 ({But not} 22... Rxh4 $2 23. Rh1 $18) 23. Qxg5 Qe7 (23... Rg8 $11) 24. Qxe7 Rxe7 25. h5 gxh5 26. Rf5 h4 27. Rh5+ {[%mdl 64] [#] Double Attack} Rh7 28. Rxh7+ Kxh7 29. Nf5 {Played: Re1-h1} 1-0

[Event "BLR-ch 1st Stage Men 2020"]
[Site "Minsk"]
[Date "2020.02.01"]
[Round "2.3"]
[White "Mukhin, Pavel"]
[Black "Meribanov, Vitaly"]
[Result "0-1"]
[WhiteElo "2173"]
[BlackElo "2417"]
[Annotator "TA"]
[PlyCount "68"]
[EventDate "2020.02.01"]
[EventType "swiss"]
[EventCountry "BLR"]
[SourceTitle "playchess.com"]
[Source "ChessBase"]
[SourceQuality "1"]

{[%evp 27,74,0,-1,-10,-5,-12,-14,0,14,16,16,11,10,0,0,-29,-26,-29,-18,-32,-26,-37,-31,-50,-39,-86,-27,-41,-23,-76,-58,-98,-98,-102,-65,-101,-4,-126,-111,-129,-64,-119,-119,-964,-964,-964,-964,-29972,-29972]} 1. Nf3 c5 2. c4 Nc6 3. g3 g6 4. Bg2 Bg7 5. O-O e5 6. Nc3 Nge7 7. d3 O-O 8. Bd2 d6 9. a3 a5 10. Rb1 Rb8 11. Ne1 Be6 12. Nc2 d5 13. cxd5 Nxd5 14. Nxd5 Bxd5 15. Bxd5 {A37: Symmetrical English vs ...g6: 4 Bg2 Bg7 5 Nf3} Qxd5 16. b4 cxb4 17. axb4 {The position is equal.} axb4 18. Nxb4 Nxb4 19. Rxb4 Rfc8 20. Qb1 b5 {[%cal Bb7b5,Bb5b4][%mdl 32] [#]} 21. Rc1 $146 ({Predecessor:} 21. Rb3 Rb7 22. Rc1 Rxc1+ 23. Bxc1 h5 24. h3 Bf8 25. Bd2 e4 26. Bb4 Bxb4 27. dxe4 {½-½ (54) Mrkonjic,N (2351)-Margl,R (2191) Hungary 2018}) 21... Rxc1+ 22. Bxc1 h5 23. h4 Bf8 24. Rb3 b4 25. Bd2 Bc5 26. Qb2 Rb5 ({Black should play} 26... Ra8 $17 {Hoping for ...Ra3.} 27. Bxb4 Rb8) 27. Qb1 Qa8 28. Rb2 (28. Qc2 $11 {keeps the balance.}) 28... Qb7 $17 29. Rb3 Ra5 30. e3 Kh7 31. Bc3 Qf3 (31... Qa8 $17 32. Rxb4 Bxb4 33. Qxb4 Rd5) 32. Bd2 (32. Bxb4 $11 Bxe3 33. Rb2) 32... Qa8 {aiming for ...Ra1.} 33. Qc2 {[#]} Bd6 (33... Ra2 $1 $17 {[%mdl 512]} 34. Qd1 Qd5) 34. Bc1 {[#]} (34. Rb1 $1 $15) 34... Qd5 {Played: Ra5-c5} 0-1